| 000 | 00539cam a22001577a 4500 | ||
|---|---|---|---|
| 008 | 180718b2008 xxu||||| |||| 00| 0 eng d | ||
| 020 | _a9788189640903 | ||
| 082 | _aT39 Sa48d | ||
| 245 |
_aDeveloping countries and the WTO: policy approaches _cedited by Gary P. Sampson and W. Bradnee Chambers |
||
| 260 |
_aNew Delhi _bBookwell _c2008 |
||
| 300 | _a327p. | ||
| 650 | _aDeveloping countries --Commercial policy | ||
| 650 | _aWorld Trade Organization --Developing countries | ||
| 700 | _aChambers, W. Bradnee | ||
| 700 | _aSampson, Gary P. | ||
| 999 |
_c441178 _d441178 |
||